[Event "Terre degli Elimi op 6th"]
[Site "Erice"]
[Date "2015.08.02"]
[Round "7"]
[White "Savalla, Gianluca"]
[Black "Maddens, Martijn"]
[Result "0-1"]
[WhiteElo "1812"]
[BlackElo "2065"]
[PlyCount "108"]
[EventDate "2015.07.28"]
[EventType "swiss"]
[EventRounds "9"]
[EventCountry "ITA"]
[SourceTitle "EXT 2017"]
[Source "ChessBase"]
[SourceDate "2016.10.25"]
[SourceVersion "1"]
[SourceVersionDate "2016.10.25"]
[SourceQuality "1"]

1. d4 d5 2. Nf3 Nf6 3. e3 Bg4 4. c4 dxc4 5. Bxc4 e6 6. Nbd2 Nbd7 7. Qb3 Nb6 8. Bd3 Be7 9. Ne5 Bh5 10. 0-0 0-0 11. Ndf3 c5 12. Bd2 Qd5 13. Qxd5 Nfxd5 14. dxc5 Bxc5 15. g4 Bg6 16. Nxg6 hxg6 17. Rac1 Rac8 18. h3 Rfd8 19. Rfd1 Na4 20. Rc2 Nb4 21. Bxb4 Bxb4 22. b3 Rxc2 23. Bxc2 Rxd1+ 24. Bxd1 Nc3 25. Bc2 Nxa2 26. Be4 Bc3 27. Bc2 a5 28. Kf1 Nb4 29. Bd1 Nd3 30. Bc2 Nc5 31. Ne1 Bxe1 32. Kxe1 Kf8 33. Kd2 Ke7 34. Kc3 Kd6 35. Kc4 Kc6 36. f3 b5+ 37. Kc3 Kd5 38. b4 axb4+ 39. Kxb4 Kc6 40. h4 Na6+ 41. Ka5 Nc7 42. Bd3 Kc5 43. Be2 b4 44. Ka4 Nd5 45. Kb3 Nxe3 46. Bd3 e5 47. Be2 Nd5 48. Bc4 Kd4 49. Be2 f6 50. Bd1 Ke3 51. Kc4 Nc3 52. Bc2 Kxf3 53. Bxg6 Kxg4 54. h5 Ne2 0-1

[Event "ITA-ch U16"]
[Site "Montesilvano"]
[Date "2015.07.01"]
[Round "4"]
[White "Balzan, Alessandro"]
[Black "Savalla, Gianluca"]
[Result "0-1"]
[WhiteElo "1949"]
[BlackElo "1812"]
[PlyCount "146"]
[EventDate "2015.06.29"]
[EventType "swiss"]
[EventRounds "9"]
[EventCountry "ITA"]
[SourceTitle "EXT 2024"]
[Source "ChessBase"]
[SourceDate "2023.10.10"]
[SourceVersion "1"]
[SourceVersionDate "2023.10.10"]
[SourceQuality "1"]

1. e4 d5 2. exd5 Qxd5 3. Nc3 Qd6 4. Nf3 Nf6 5. d4 a6 6. Bd3 Bg4 7. Be3 Nc6 8. 0-0 0-0-0 9. Ne4 Nxe4 10. Bxe4 f5 11. Bxc6 Qxc6 12. Ne5 Qe6 13. Nxg4 fxg4 14. Qe2 Rxd4 15. Rad1 Rd6 16. c4 g6 17. c5 Rxd1 18. Rxd1 Bh6 19. c6 b5 20. a4 Bxe3 21. axb5 Bxf2+ 22. Qxf2 axb5 23. Rc1 Qa2 24. Qe2 Qd5 25. Qxg4+ e6 26. h3 Rd8 27. Kh1 Rd6 28. Qf4 Rxc6 29. Qf8+ Kb7 30. Ra1 Ra6 31. Rc1 Qd7 32. Qf3+ c6 33. Rd1 Qe7 34. Qb3 Ra8 35. Re1 Re8 36. Ra1 Ra8 37. Re1 e5 38. Qc3 e4 39. Rc1 Ra6 40. Re1 Ra4 41. b3 Ra3 42. Qc2 Qe5 43. Rc1 Qe6 44. Qc3 e3 45. Qg7+ Kb6 46. Qd4+ Kb7 47. Qg7+ Kb6 48. Qd4+ Kc7 49. Qg7+ Qd7 50. Qe5+ Qd6 51. Qxe3 Ra2 52. Rf1 Qd7 53. b4 Kb7 54. Qb3 Qd5 55. Qg3 Rd2 56. Rf8 Rd1+ 57. Kh2 Qd6 58. Rf7+ Kb6 59. Qxd6 Rxd6 60. Rxh7 Rd4 61. Rg7 Rxb4 62. Rxg6 Rh4 63. g3 Rh8 64. g4 b4 65. Re6 Kb5 66. Kg3 b3 67. g5 b2 68. Re1 Kb4 69. h4 c5 70. g6 Rh6 71. Re4+ Kb5 72. g7 b1Q 73. g8Q Qg1+ 0-1

[Event "Terre degli Elimi op 3rd"]
[Site "Erice"]
[Date "2012.07.27"]
[Round "3"]
[White "Savalla, Gianluca"]
[Black "Wallace, Mitchel"]
[Result "1-0"]
[WhiteElo "1674"]
[BlackElo "1847"]
[PlyCount "73"]
[EventDate "2012.07.25"]
[EventType "swiss"]
[EventRounds "7"]
[EventCountry "ITA"]
[SourceTitle "EXT 2013"]
[Source "ChessBase"]
[SourceDate "2012.11.22"]
[SourceVersion "1"]
[SourceVersionDate "2012.11.22"]
[SourceQuality "1"]

1. d4 d6 2. e4 Nf6 3. Bd3 Nbd7 4. Nf3 e5 5. c3 Be7 6. Nbd2 c6 7. 0-0 Qc7 8. Re1 h6 9. h3 Nf8 10. a3 a5 11. Qc2 g5 12. dxe5 dxe5 13. Nf1 Ng6 14. Ng3 Nf4 15. Bc4 Kf8 16. Rd1 Bc5 17. Qd2 N4h5 18. Nxh5 Nxh5 19. Qd8+ Qxd8 20. Rxd8+ Kg7 21. Rxh8 Kxh8 22. Nxe5 Be6 23. Nxf7+ Bxf7 24. Bxf7 Ng3 25. e5 Kg7 26. e6 Ne4 27. Be3 Bxe3 28. fxe3 Nf6 29. Rf1 Rf8 30. g4 a4 31. Rf3 b5 32. Kg2 Ne8 33. Bh5 Rxf3 34. Kxf3 Kf8 35. Bxe8 Kxe8 36. Ke4 Ke7 37. Ke5 1-0

[Event "Terre degli Elimi op 3rd"]
[Site "Erice"]
[Date "2012.07.26"]
[Round "2"]
[White "Cannella, Simone"]
[Black "Savalla, Gianluca"]
[Result "1-0"]
[WhiteElo "1793"]
[BlackElo "1674"]
[PlyCount "73"]
[EventDate "2012.07.25"]
[EventType "swiss"]
[EventRounds "7"]
[EventCountry "ITA"]
[SourceTitle "EXT 2013"]
[Source "ChessBase"]
[SourceDate "2012.11.22"]
[SourceVersion "1"]
[SourceVersionDate "2012.11.22"]
[SourceQuality "1"]

1. e4 e5 2. Nc3 Nf6 3. Bc4 d6 4. d3 Be7 5. f4 Nc6 6. f5 Na5 7. Bb3 Nxb3 8. axb3 d5 9. Bg5 dxe4 10. dxe4 Qxd1+ 11. Rxd1 Bd7 12. Nf3 Bd6 13. Bxf6 gxf6 14. Nd5 0-0-0 15. Nxf6 Bc6 16. 0-0 h6 17. c4 a6 18. Kh1 Kb8 19. Rd3 Kc8 20. Rfd1 b6 21. Nd5 Rhg8 22. Nxb6+ cxb6 23. Rxd6 Bxe4 24. Rxd8+ Rxd8 25. Rxd8+ Kxd8 26. Nxe5 Bxf5 27. Nxf7+ Ke7 28. Nxh6 Be6 29. g4 Kf6 30. Nf5 Bxf5 31. gxf5 Kxf5 32. b4 Ke4 33. c5 bxc5 34. bxc5 Kd5 35. h4 a5 36. h5 Kxc5 37. h6 1-0

[Event "Sicilia Regional-ch"]
[Site "Marsala"]
[Date "2011.06.05"]
[Round "6"]
[White "Ferrante, Filippo"]
[Black "Savalla, Gianluca"]
[Result "0-1"]
[WhiteElo "1606"]
[BlackElo "1563"]
[PlyCount "112"]
[EventDate "2011.06.01"]
[EventType "swiss"]
[EventRounds "7"]
[EventCountry "ITA"]
[SourceTitle "EXT 2023"]
[Source "ChessBase"]
[SourceDate "2022.10.05"]
[SourceVersion "1"]
[SourceVersionDate "2022.10.05"]
[SourceQuality "1"]

1. c4 e5 2. Nf3 Nc6 3. d3 Nf6 4. Nc3 d6 5. g3 Be7 6. Bg2 0-0 7. 0-0 Be6 8. d4 exd4 9. Nxd4 Nxd4 10. Qxd4 c6 11. b3 Qd7 12. Rd1 Bh3 13. Bh1 Qf5 14. Bf4 Ng4 15. Be4 Qf6 16. Qxf6 Bxf6 17. Rac1 Be5 18. Bxe5 dxe5 19. Bg2 Bxg2 20. Kxg2 Rad8 21. Rxd8 Rxd8 22. Rd1 Rxd1 23. Nxd1 f6 24. Nc3 Nh6 25. Ne4 Nf5 26. e3 Kf8 27. Nc5 b6 28. Ne4 c5 29. a3 Ne7 30. Kf3 Nc6 31. Nd2 Kf7 32. Ke4 Ke6 33. g4 g6 34. h3 h6 35. f4 exf4 36. Kxf4 Ne5 37. b4 cxb4 38. axb4 Nd3+ 39. Ke4 Nxb4 40. Nb3 Na6 41. Kd4 Kd6 42. Nd2 Nc5 43. h4 a5 44. Nf3 a4 45. g5 hxg5 46. hxg5 fxg5 47. Nxg5 Ne6+ 48. Nxe6 Kxe6 49. Kc3 g5 50. Kb4 g4 51. Kxa4 g3 52. Kb5 g2 53. Kxb6 g1Q 54. c5 Qxe3 55. Kc6 Qc1 56. Kb6 Kd5 0-1

[Event "Nicolo La Rosa op 18th"]
[Site "Mazara del Vallo"]
[Date "2010.08.20"]
[Round "5"]
[White "Bucca, Angelo"]
[Black "Savalla, Gianluca"]
[Result "1-0"]
[WhiteElo "1368"]
[BlackElo "1362"]
[PlyCount "71"]
[EventDate "2010.08.18"]
[EventType "swiss"]
[EventRounds "9"]
[EventCountry "ITA"]
[SourceTitle "EXT 2024"]
[Source "ChessBase"]
[SourceDate "2023.10.10"]
[SourceVersion "1"]
[SourceVersionDate "2023.10.10"]
[SourceQuality "1"]

1. e4 e5 2. Nf3 Nf6 3. Nc3 Nc6 4. g3 Be7 5. Bg2 d6 6. d3 Be6 7. Be3 0-0 8. 0-0 h6 9. Ne2 Qd7 10. d4 exd4 11. Nexd4 Nxd4 12. Qxd4 Bh3 13. e5 Nh7 14. exd6 Bxd6 15. Bxh3 Qxh3 16. Qh4 Qe6 17. Nd4 Qg6 18. Bf4 Bxf4 19. Qxf4 c5 20. Qf5 cxd4 21. Qxg6 fxg6 22. Rad1 Rac8 23. Rd2 Ng5 24. Kg2 Rfd8 25. f4 Ne4 26. Re2 Nc5 27. f5 gxf5 28. Rxf5 d3 29. cxd3 Nxd3 30. Re7 Rc2+ 31. Kh3 Rxb2 32. Rff7 Rf2 33. Rxg7+ Kf8 34. Rxb7 Ne5 35. Rh7 Nf3 36. Rh8# 1-0

[Event "Erice op 1st"]
[Site "Erice"]
[Date "2010.08.01"]
[Round "7"]
[White "Savalla, Gianluca"]
[Black "Ferrante, Filippo"]
[Result "1-0"]
[WhiteElo "1362"]
[BlackElo "1619"]
[PlyCount "49"]
[EventDate "2010.07.28"]
[EventType "swiss"]
[EventRounds "7"]
[EventCountry "ITA"]
[SourceTitle "EXT 2024"]
[Source "ChessBase"]
[SourceDate "2023.10.10"]
[SourceVersion "1"]
[SourceVersionDate "2023.10.10"]
[SourceQuality "1"]

1. e4 e6 2. d4 d5 3. exd5 exd5 4. Nf3 Bd6 5. Be2 Ne7 6. 0-0 Bg4 7. Nc3 c6 8. Be3 Nd7 9. Re1 Qc7 10. h3 Bh5 11. a3 f6 12. Na4 0-0-0 13. Nc5 Nxc5 14. dxc5 Bf4 15. Qd2 Bxe3 16. Qxe3 Rhe8 17. Bd3 Bg6 18. Bxg6 hxg6 19. Qe6+ Kb8 20. Qf7 Nf5 21. Qxe8 Rxe8 22. Rxe8+ Qc8 23. Rxc8+ Kxc8 24. Re1 Kd7 25. g3 1-0